Detalles MARC
| 000 -LÍDER |
| Campo fijo de descripción fija |
01610nam a2200325 i 4500 |
| 001 - NÚMERO DE CONTROL |
| Campo de control |
768714001 |
| 003 - IDENTIFICADOR DEL NÚMERO DE CONTROL |
| Campo de control |
CO-MdFUSB |
| 005 - FECHA Y HORA DE LA ULTIMA TRANSACCIÓN |
| control field |
20260321103527.0 |
| 007 - CAMPO FIJO DE DESCRIPCIÓN FIJA--INFORMACIÓN GENERAL |
| Campo fijo de descripción fija |
ta |
| 008 - ELEMENTOS DE LONGITUD FIJA -- INFORMACIÓN GENERAL |
| Campo fijo de descripción fija -- Información general |
241105t1994 mx ||||| d||| 001 0 spa d |
| 020 ## - NÚMERO INTERNACIONAL NORMALIZADO PARA LIBROS |
| Número Internacional Normalizado del libro |
9509023396 |
| 040 ## - FUENTE DE CATALOGACIÓN |
| Idioma de catalogación |
spa. |
| Agencia de catalogación original |
CO-MdFUSB |
| Agencia que realiza la transcripción |
CO-MdFUSB |
| Agencia que realiza la modificación |
CO-MdFUSBC |
| Convenciones de la descripción |
rda |
| 041 ## - CÓDIGO DE IDIOMA |
| Código de idioma para texto/pista de sonido o título separado |
spa |
| 082 ## - NÚMERO DE CLASIFICACIÓN DECIMAL DEWEY |
| Número de la edición del Dewey |
23 |
| Número de clasificación |
463.15 |
| Clave de autor-Numero de item |
C355 |
| 100 ## - ASIENTO PRINCIPAL--NOMBRE PERSONAL |
| Nombre personal |
Castro de Amato, Laura, |
| Término relacionador |
autor |
| 245 ## - TÍTULO |
| Título del Material |
Gran diccionario de sinónimos y antónimos |
| Mención de responsabilidad, etc. |
/ Laura Castro de Amato |
| 250 ## - MENCIÓN DE EDICIÓN |
| Mención de edición |
Novena Edición |
| Resto de la mención de edición |
1994 |
| 264 #1 - PRODUCCIÓN, PUBLICACIÓN, DISTRIBUCIÓN, MANUFACTURA, Y COPYRIGHT |
| Nombre del productor, publicador, distribuidor |
Distribuciones Culturales, |
| Lugar de producción, publicación, distribución, manufactura |
San Luis Potosi, Mexico : |
| Fecha de producción, publicación, distribución, manufactura, o copyright |
[1994] |
| 300 ## - DESCRIPCIÓN FÍSICA |
| Extensión |
851 páginas |
| Dimensiones |
; 24 cm |
| 336 ## - TIPO DE CONTENIDO |
| Fuente |
rdacontent |
| Término de tipo de contenido |
texto |
| Código de tipo de contenido |
txt |
| 337 ## - TIPO DE MEDIO |
| Fuente |
rdamedia |
| Nombre del tipo de medio |
sin mediación |
| Código del tipo de medio |
n |
| 338 ## - TIPO DE SOPORTE |
| Fuente |
rdacarrier |
| Nombre del tipo de soporte |
volumen |
| Código Tipo de soporte |
nc |
| 500 ## - NOTA GENERAL |
| Nota General |
Incluye índice, diccionario |
| 520 ## - NOTA DE RESUMEN, ETC. |
| Nota de sumario, etc. |
Esta obra está dirigida a estudiantes, docentes, periodistas y a todas las personas que trabajan con palabras. A menudo, por razones de corrección o elegancia, es necesario utilizar sinónimos. Sin embargo, no existen "sinónimos perfectos" en todos los casos; más bien, se trata de "ideas afines", y la diferencia entre una palabra y su sinónimo puede ser sutil o significativa. Es recomendable consultar un buen diccionario para asegurarse de que el sinónimo elegido se ajuste adecuadamente al contexto. La inclusión de antónimos también ayuda a aclarar el significado de las palabras y sus acepciones. |
| 563 ## - NOTA DE ENCUADERNACIÓN |
| Nota de encuadernación |
Pasta dura |
| 650 #7 - ASIENTO SECUNDARIO DE MATERIA - TERMINO TEMÁTICO |
| Término temático o nombre geográfico como elemento de entrada |
Enciclopedias y diccionarios |
| 9 (RLIN) |
423 |
| 653 ## - TÉRMINO DE INDIZACIÓN - NO CONTROLADO |
| Término no controlado |
Español – Sinónimos y antónimos |
| 942 ## - TIPO DE MATERIAL (KOHA) |
| Tipo de Item KOHA |
Libros General |
| 945 ## - INFORMACIÓN LOCAL DEL REGISTRO |
| Catalogador |
Catherine Arias Alvarez |